Beauvais - Choix multiples - Statistiques

Statistiques générales
  • Ce quiz a été pris 81 fois
    80 depuis la dernière actualisation
  • Le résultat moyen est 6 sur 10
Statistiques - réponses
Question Réponse % Correct
De quel département Beauvais est-elle le chef-lieu ? L'Oise
97%
Qu'appelle-t-on Paris-Beauvais ? Un aéroport
86%
Lequel de ces édifices religieux est la cathédrale Saint-Pierre de Beauvais ?
85%
Que désigne le "Canada" à Beauvais ? Un lac artificiel, alimenté par le Thérain
65%
Que l'ancien palais épiscopal de Beauvais abrite-t-il ? Un musée
56%
Que représente cette image ?
Une horloge astronomique
55%
Quel artisanat fit la fierté et la prospérité de la ville plusieurs siècles durant ? La tapisserie
54%
Qui était Jeanne Hachette, née à Beauvais et y ayant une place à son nom au centre de laquelle trône sa statue ? Une Beauvaisienne qui aurait repousser des Bourguignons à l'aide d'une hache
51%
Quel titre portait la figure forte de Beauvais tout au long du Moyen-Age ? Evêque-comte
48%
De 1569 à 1573, cette cathédrale fut l'édifice humain le plus haut du monde. Qu'est-ce qui mit fin à ce court règne ? La flèche de sa tour-lanterne s'effondra.
46%
Aucun quiz correspondant
Distribution des résultats
% des personnes avec chaque résultat
Percentile par nombre de réponses
Votre historique - résultats
Vous n’avez pas pris ce quiz depuis la dernière actualisation